000 00530nam a2200181Ia 4500
008 151202s9999||||xx |||||||||||||| ||und||
082 _bPNVM-59879
100 _aबापट मुकुंद.
245 _aसंकेत.
260 _b"सूर्याक्षर विविाा,पुणे."
260 _c59879
300 _a168
600 _aबापट मुकुंद.
630 _aसंकेत.
700 _aबापट मुकुंद.
730 _aसंकेत.
942 _cBOOK
999 _c1326413
_d1326410